| 000 | 00940nam a2200229 a 4500 | ||
|---|---|---|---|
| 005 | 20251206063920.0 | ||
| 008 | 160427s2005 mx r 000 0 spa d | ||
| 020 | _a9702304725 | ||
| 035 | _aUPN01000209870 | ||
| 049 | _aCG | ||
| 050 | 4 |
_aLC5255 M6 _bC3.7 |
|
| 245 | 0 | 0 |
_aCarpeta Básica Internacional : _bcolaboración en el exterior, educación para jóvenes y adultos = Basic International File, education for youth and adults, collaboration abroad / _ccomp. Patricia Ramos Méndez. |
| 260 |
_aMéxico : _bCOVENYT, _bINEA, _c2005. |
||
| 300 |
_a47, 44 p. : _bil. col. |
||
| 500 | _aTexto en español y en inglés | ||
| 610 | 2 | 4 | _aINSTITUTO NACIONAL PARA LA EDUCACION DE LOS ADULTOS (MEXICO) |
| 650 | 4 |
_aEducación de adultos _9956 |
|
| 650 | 4 |
_aJóvenes _xEducación _923818 |
|
| 700 | 1 |
_aRamos Méndez, Patricia, _ecomp. |
|
| 740 | 0 | _aBasic International File, education for youth and adults, collaboration abroad | |
| 905 | _aLibro | ||
| 999 |
_c181971 _d181971 |
||